Дело о выдаче поспектакльного вознаграждения Матвею Бернарду за приобретённую от него оперу "Ольга"

RUSMARC
00005922cbc2a2200000#x 450
001972776f0-4348-4092-9cb3-3fe639d87cf8
00520191217143028.0
100##$a20170626l18451845k l0rusy0189 ca
1010#$arus
102##$aRU
2001#$aДело о выдаче поспектакльного вознаграждения Матвею Бернарду за приобретённую от него оперу "Ольга"
$j14 сентября 1845 г.
251##$cДело
300##$aПо Санкт-Петербургской дирекции за 1845 год
300##$aЗаголовок дела также: Дело по предписанию господина директора о производстве господину Матвею Бернарду поспектакльного вознаграждения за принятую от него оперу "Ольга"
300##$aРукописный текст. Чернила
801#0$aRU
$bРГИА
$c20170626
801#1$aRU
$bГлавНИВЦ
$c20170626
$2rusmarc
801#2$aRU
$bПБ им. Б.Н. Ельцина
$c20181224
$gRCR
$2rusmarc
850##$aФедеральное казенное учреждение "Российский государственный исторический архив" (РГИА)
852##$aРГИА
$j10500
937##$hРГИА
$d12246759
$aASBIBLIO_SCAN
462#0$1001dd3991dc-24e1-42ec-8838-ca4255420416
$12001
$a1746-1850 гг.
$vД. 10500
$1251
$cОпись
$1852
$j1
461#0$10019264ebf8-de62-4f1a-9eb4-9f22098dbbd5
$12001
$aДирекция императорских театров МИДв
$1251
$cФонд
$1852
$j497
215##$a3 листа
$d36,5х26 см
371##$aДокумент не является опубликованным и широко распространяемым
105##$ay###
1220#$ad18450914##
035##$a972776f0-4348-4092-9cb3-3fe639d87cf8
856##$uhttp://readingroom.main.prlib.ru/item.aspx?id_node=n122296749&mode=full
5171#$aДело по предписанию господина директора о производстве господину Матвею Бернарду поспектакльного вознаграждения за принятую от него оперу "Ольга"
600#1$2prlib_sh
$3LIBNET\UAF\0000086643
$aБернард
$bМ.И.
$gМатвей Иванович
$f1794-1871
$jДокументы и материалы
6062#$2nlr_sh
$3RU\NLR\AUTH\66151697
$aОпера русская
$z19 в.
$jДокументы и материалы
60101$2prlib_sh
$3LIBNET\UAF\0000083361
$aРоссия
$bДирекция императорских театров
$bПетербургская контора
$jДокументы и материалы
686##$2rubbk
$a85.335.41
$vLBC/M
686##$a63.3(2)521-7
$vLBC/M
$2rubbk
605##$2acquisition_Prlib
$3LIBNET\UAF\0000080478
$aГод театра в России
$lколлекция
605##$2acquisition_Prlib
$3DITM\AF\0000004166
$aРоссия в лицах
$lколлекция
Формат отображения